000 00202 a2200097 4500
001 6989
100 _aDogar, T.M
245 _aShort genral knowledge
260 _a
_bDogar Sons
_c
090 _c5772
_d5772
942 _aNUST-CAE
_cM
_c32236
999 _c242062
_d242062